000
00221nam a22000857a 4500
008
160708b xxu||||| |||| 00| 0 eng d
100
_9
2416
_a
Kohn, H.E
245
_a
Reflections
260
_a
Michigan
_b
William B.Eerdmans
_c
1963
999
_c
2091
_d
2091